000 01401cam a22003854a 4500
001 2257
003 FISKH
005 20231114083156.0
008 011123s2002 nyua j 000 1 eng
010 _a 2001058536
020 _a0439388988
020 _a0439272068 (pbk.)
020 _a9780439272063
040 _aDLC
_cDLC
_dDLC
_beng
042 _alcac
043 _an-us-va
050 0 0 _aPZ7.H4317
_bSe 2002
082 0 0 _a973.3
_221
100 1 _aHermes, Patricia.
245 1 0 _aSeason of promise /
_cby Patricia Hermes.
_bElizabeth's Jamestown Colony Diary ; Book Three
260 _aNew York :
_bScholastic,
_c2002.
300 _a108 pages :
_billustrations ;
_c20 cm
440 0 _aMy America
505 _aJ
520 _aIn 1611, ten-year-old Elizabeth continues a journal of her experiences living in Jamestown, as her brother Caleb rejoins the family, a new strict governor comes to the colony, and her father considers remarriage.
521 8 _a490
_bLexile
521 8 _aJ
_bRaz-Plus
650 1 _aDiaries
_vFiction.
651 0 _aJamestown (Va.)
_xHistory
_vJuvenile fiction.
651 0 _aVirginia
_xHistory
_yColonial period, ca. 1600-1775
_vJuvenile fiction.
651 1 _aJamestown (Va.)
_xHistory
_vFiction.
651 1 _aVirginia
_xHistory
_yColonial period, ca. 1600-1775
_vFiction.
906 _a7
_bcbc
_corignew
_d1
_eocip
_f20
_gy-gencatlg
942 _2ddc
_cBK
_n0
999 _c2257
_d2257